LEADER 00929nam a2200241 a 4500 001 991003986149707536 008 030114s2002 it 000 0 eng d 020 $a0801433010 035 $ab11892729-39ule_inst 040 $aDip.to Scienze dell'Antichità$bita 100 1 $aAlexiou, Margareth$0532627 245 10$aAfter antiquity :$bgreek language, myth, and metaphor /$cMargareth Alexiou ; with a foreword by Gregory Nagy 260 $aIthaca :$bCornell University Press,$c2002 300 $aXVI, 570 p. 650 4$aLingua greca 650 4$aMitologia greca 700 1 $aNagy, Gregory 907 $a.b11892729$b02-04-14$c14-01-03 912 $a991003986149707536 945 $aLE007 880 ALE 01.01$g1$i2015000069160$lle007$nLE007 2014 CC$nLE015-Vox-01$o-$pE81.44$q-$rl$s- $t0$u2$v0$w2$x0$y.i12150769$z11-02-03 996 $aAfter antiquity$9901935 997 $aUNISALENTO 998 $ale007$b14-01-03$cm$d- $e-$feng$gus $h0$i0 LEADER 01335oam 2200385 450 001 9910717134903321 005 20220207152939.0 035 $a(CKB)5470000002528869 035 $a(OCoLC)1295467453 035 $a(EXLCZ)995470000002528869 100 $a20220207d2022 ua 0 101 0 $aeng 135 $aur||||||||||| 181 $ctxt$2rdacontent 182 $cc$2rdamedia 183 $acr$2rdacarrier 200 10$aData Mapping to Save Moms' Lives Act $ereport of the Committee on Commerce, Science, and Transportation on S. 198 210 1$aWashington :$cU.S. Government Publishing Office,$d2022. 215 $a1 online resource (ii, 6 pages) 225 1 $aReport / 117th Congress, 2d session, Senate ;$v117-65 300 $a"February 3, 2022." 320 $aIncludes bibliographical references. 517 $aData Mapping to Save Moms' Lives Act 606 $aMothers$xMortality$zUnited States$xPrevention 606 $aMedical telematics$xLaw and legislation$zUnited States 608 $aLegislative materials.$2lcgft 615 0$aMothers$xMortality$xPrevention. 615 0$aMedical telematics$xLaw and legislation 801 0$bGPO 801 1$bGPO 801 2$bGPO 906 $aBOOK 912 $a9910717134903321 996 $aData Mapping to Save Moms' Lives Act$93438957 997 $aUNINA